Szczegóły MARC21

Edukacja ogólnotechniczna, dylematy teorii i praktyki : materiały z II międzynarodowej konferencji naukowej w Zaciszu k. Bydgoszczy, w dniach 26-27.09.1995 /

003 -Nazwa inst., której nr kontr. jest w polu 001 [,]
    • @
    • Nazwa instytucji, której n kontrolny jest w polu 001
    • NUKAT
005 -DATA I CZAS OSTATNIEJ MODYFIKACJI [,]
    • @
    • pole kontrolne
    • 20241231105721.0
020 -Międzynarod. znormalizowany nr książki - ISBN [ , ]
    • a
    • Numer ISBN
    • 8370961614 Find
040 -Instytucja sporządzająca opis [ , ]
    • a
    • Instytucja, która sporządziła opis (NP)
    • NUKAT
    • c
    • Instytucja, która sporządziła rekord (NP)
    • KR 93/MM/ZP
    • d
    • Instytucja, która zmodyfikowała rekord (P)
    • KR 93/BJ
    • d
    • Instytucja, która zmodyfikowała rekord (P)
    • SZCZ U/JS
041 -Język dokumentu [0, ]
    • a
    • Język tekstu (P)
    • polski
    • a
    • Język tekstu (P)
    • rosyjski
    • a
    • Język tekstu (P)
    • niemiecki
    • a
    • Język tekstu (P)
    • słowacki
942 -Rodzaj dokumentu [ , ]
    • c
    • Rodzaj dokumentu
    • Książka
245 -Strefa tytułu i oznaczenia odpowiedzialności [0,0]
    • a
    • Tytuł
    • Edukacja ogólnotechniczna, dylematy teorii i praktyki : Find
    • b
    • Ciąg dalszy tytułu (NP)
    • materiały z II międzynarodowej konferencji naukowej w Zaciszu k. Bydgoszczy, w dniach 26-27.09.1995 / Find
    • c
    • Pozostałe elementy strefy tytułu i oznaczenia odpowiedzialności (NP)
    • pod red. Ryszarda Parzęckiego, Marii Kajdasz-Aouil.
260 -Strefa adresu wydawniczego [ , ]
    • a
    • Miejsce wydania (P)
    • Bydgoszcz :
    • b
    • Nazwa wydawcy (P)
    • Wydaw. Uczelniane WSP,
    • c
    • Data wydania (P)
    • 1996.
300 -Strefa opisu fizycznego [ , ]
    • a
    • Określenie formy książki i/lub objętość (NP)
    • 323 s. :
    • b
    • Oznaczenie ilustracji (NP)
    • il. ;
    • c
    • Format (NP)
    • 24 cm.
336 -Typ zawartości [ , ]
    • a
    • Termin opisujący typ zawartości
    • Tekst
    • b
    • Kod określający zawartość
    • txt
    • 2
    • Źródło (terminu i kodu)
    • rdacontent
337 -Typ mediów [ , ]
    • a
    • Tryb odtwarzania
    • Bez urządzenia pośredniczącego
    • b
    • Kod typu mediów
    • n
    • 2
    • Źródło (terminu i kodu)
    • rdamedia
338 -Typ/rodzaj nośnika [ , ]
    • a
    • Hasło opisujące typ nośnika
    • Wolumin
    • b
    • Kod typu nośnika
    • nc
    • 2
    • Źródło (terminu i kodu)
    • rdacarrier
500 -Uwaga ogólna [ , ]
    • a
    • Uwaga ogólna (NP)
    • Wyższa Szkoła Pedagogiczna w Bydgoszczy. Instytut Techniki.
500 -Uwaga ogólna [ , ]
    • a
    • Uwaga ogólna (NP)
    • Zespól Pedagogiki Pracy Komitetu Nauk Pedagogicznych PAN.
504 -Uwaga dot. bibliogr. załącznikowej [ , ]
    • a
    • Uwaga dot. bibliografii załącznikowej
    • Bibliogr. przy poszczególnych rozdz.
546 -Uwaga dot. języka [ , ]
    • a
    • Uwaga dot. języka
    • Zakończenie i spis treści także niem. i ros.
650 -Hasło przedmiotowe [ ,7]
    • a
    • Hasło przedmiotowe
    • Nauczanie techniki
    • v
    • Określnik formalny
    • konferencje.
    • 2
    • Źródło terminu
    • kaba
    • 9
    • KHW
    • 358666
700 -Hasło dodatkowe - nazwa osobowa [1, ]
    • a
    • Nazwa osobowa (NP)
    • Parzęcki, Ryszard Find
    • d
    • Daty biograficzne (NP)
    • (1935- ).
    • e
    • Określenie rodzaju współpracy
    • Red.
    • 9
    • KHW
    • 20098
700 -Hasło dodatkowe - nazwa osobowa [1, ]
    • a
    • Nazwa osobowa (NP)
    • Kajdasz-Aouil, Maria. Find
    • e
    • Określenie rodzaju współpracy
    • Red.
    • 9
    • KHW
    • 84979
710 -Hasło dodatkowe - nazwa ciała zbiorowego [2, ]
    • a
    • Nazwa ciała zbiorowego lub nazwa geograficzna jako pierwszy element (NP)
    • Wyższa Szkoła Pedagogiczna (Bydgoszcz).
    • b
    • Nazwa jednostki podrzędnej (P)
    • Wydawnictwo.
    • 4
    • Kod relacji
    • pbl
    • 9
    • KHW
    • 77262
711 -Hasło dodatkowe - nazwa imprezy [2, ]
    • a
    • Nazwa imprezy (NP)
    • Międzynarodowa Konferencja Naukowa na temat: "Edukacja Ogólnotechniczna - Dylematy Teorii i Praktyki"
    • n
    • Numer imprezy (P)
    • (2 ;
    • d
    • Data imprezy (NP)
    • 1995 ;
    • c
    • Miejsce imprezy (NP)
    • Zacisze).
    • 9
    • KHW
    • 492190
920 -ISBN [ , ]
    • a
    • ISBN
    • 83-7096-161-4 Find
Data inwentaryzacji Lokalizacja Status udost. Numer inwentarzowy
1998-03-24BG1N.16672
2002-01-31BG1Pd.14600
2002-01-31BNS1Pd.14601